Problems of Economics, Finance, Export and Import Management Proceedings of the III International Scientific and Practical Internet Conference, May 16, 2018, Lviv, Ukraine

Salvato in:
Dettagli Bibliografici
Enti autori: Problems of Economics, Finance, Export and Import Management. International Scientific and Practical Internet Conference, Ministry of Education and Science of Ukraine, Lviv Polytechnic National University, Educational and Research Institute of Economics and Management. Lviv Polytechnic National University
Altri autori: Černobaj, L.I
Natura: Libro
Lingua:ucraino
inglese
Pubblicazione: Lviv Lviv Polytechnic Publishing House 2018
Soggetti:
Tags: Aggiungi Tag
Nessun Tag, puoi essere il primo ad aggiungerne!!

MARC

LEADER 00000nam a2200000 4500
001 0247624
005 20250509104050.1
020 |a 978-966-941-188-4 
041 0 |a ukr 
041 0 |a eng 
044 |a UA 
245 1 0 |a Problems of Economics, Finance, Export and Import Management  |b Proceedings of the III International Scientific and Practical Internet Conference, May 16, 2018, Lviv, Ukraine  |c zodpovedný redaktor: L.I. Černobaj 
264 1 |a Lviv  |b Lviv Polytechnic Publishing House  |c 2018 
300 |a CD-ROM [111 s.] 
610 2 0 |a politika hospodárska 
610 2 0 |a politika finančná 
610 2 0 |a obchod medzinárodný 
610 2 0 |a vývoz 
610 2 0 |a dovoz 
610 2 0 |a riadenie 
610 2 0 |a spolupráca medzinárodná 
610 2 0 |a siete počítačové 
610 2 0 |a internet 
700 1 |a Černobaj, L.I. 
110 2 |a Problems of Economics, Finance, Export and Import Management. International Scientific and Practical Internet Conference 
710 2 |a Ministry of Education and Science of Ukraine 
710 2 |a Lviv Polytechnic National University 
710 2 |a Educational and Research Institute of Economics and Management. Lviv Polytechnic National University